000 00554nam a22002057a 4500
003 koha_MIRAKIL
005 20231213100256.0
008 231213b |||||||| |||| 00| 0 ||| d
020 _b978-9-75211067-0
040 _aTR-IsEVY
_btur
_cTR-IsEVY
082 _aFIC CAM/M
100 _aCamara, Sergi.
245 0 _aMiniklerin dünyası
_bben nereden geldim ?
250 _a1. bs.
260 _bAltın Kitaplar,
_c2009
300 _a32 s.
650 _aChildren's literature -- Stories.
650 _aÇocuk edebiyatı -- Hikaye.
942 _2ddc
_cBK
999 _c17341
_d17341